00756nam a2200253 a 4500001001300000003000900013005001700022008004100039020001000080082001800090100002100108245004200129260004400171300001000215500003500225505001200260650002900272650003100301700002100332902000800353942000700361952011900368999001500487nice12345678IN_TiNIC20260116013029.0050524s1991 gena grp 000 0 eng  ac10000a270.8203bLOS aLossky, Nicholas aDictionary of the Ecumenical Movement aGenevabWorld Council of Churchesc1991 a1196p aincludes index and biblioraphy2 aIndexes aEcumenicalism-Dictionary aChurch-Ecumenical Movement1 aLossky, Nicholas bRHR cBK 001040708ReferHall-aHMIbHMId2007-07-18g100.00l0o270.8203 LOSp014232r2007-07-18v100.00w2005-05-24yBK c9346d9346